| 000 | 00794cam a2200265 a 4500 | ||
|---|---|---|---|
| 005 | 20260322212043.0 | ||
| 008 | data | ||
| 010 | _a 84008966 | ||
| 020 | _a0688039146 | ||
| 020 | _a9780688039141 | ||
| 040 |
_aDLC _cDLC _dDLC _dOCoLC _dDLC |
||
| 043 | _an-us--- | ||
| 050 | 0 | 0 |
_aBX9543.P4 _bA37 1984 |
| 082 | 0 | 0 |
_aB _aB _221 |
| 092 | _a285.7 A37 1984 | ||
| 100 | 1 |
_aPeale, Norman Vincent, _d1898-1993. |
|
| 245 | 1 | 4 |
_aThe true joy of positive living : _ban autobiography / _cNorman Vincent Peale. |
| 250 | _a1st ed. | ||
| 260 |
_aNew York : _bMorrow, _cc1984. |
||
| 300 |
_a298 p. ; _c25 cm. |
||
| 600 | 1 | 0 |
_aPeale, Norman Vincent, _d1898-1993. |
| 610 | 2 | 0 |
_aReformed Church in America _xBiography. _xBiography. |
| 650 | 0 |
_aReformed Church _zUnited States _xBiography. _xBiography. |
|
| 001 | data | ||
| 999 |
_c1012 _d1012 |
||